Monstros de outro planeta! (Registo nº 4414)

Detalhes MARC
000 -Etiqueta do registo
Cabeçalho 00808cam a2200301 4500
005 - Identificador da versão
Campo de controlo 20240813122100.0
095 ## -
-- PTBN00460168
010 ## - Número internacional normalizado dos livros (ISBN)
Número (ISBN) 9726622964
021 ## - Número do Depósito Legal
Código do país PT
Número 63093/93
100 ## - Dados gerais de processamento
Dados gerais de processamento 19930531d1993 d y0pory5003 ba
102 ## - Pais de publicação ou produção
País de publicação Portugal
101 1# - Língua de publicação
Língua do texto, banda sonora, etc. Português
Língua do documento no original Inglês
106 ## - Campo de dados codificados: material textual
Dados codificados do material textual r
105 ## - Campo de dados codificados: livros
Dados codificados dos livros a z 000ay
215 ## - Descrição física 
Indicação específica da natureza do documento e extensão da espécie 127, [1] p.
Outras indicações físicas muito il
Dimensões 21x23 cm
200 1# - Titulo e menção de responsabilidade
Título próprio Monstros de outro planeta!
Primeira menção de responsabilidade Bill Watterson
Outras menções de responsabilidade trad. Ana Falcão Bastos
225 1# - Colecção 
Título próprio da colecção Calvin & Hobbes
205 ## - Menção da edição
Menção da edição 1a ed
210 ## - Publicação, Distribuição, etc. 
Lugar da edição, distribuição, etc. Lisboa
Nome do editor, distribuidor, etc. Gradiva
Data da publicação, distribuição, etc. 1993
304 ## - Notas relativas a título e menção de responsabilidade 
Texto da nota Tít. orig.: Weirdos from another planet
675 ## - Classificação Decimal Universal (CDU)
Notação 087.5
Edição BN
Língua da edição por
702 #1 - Nome de autor-pessoa física (responsabilidade secundária)
Número de registo de entrada de autoridade 0000172
Palavra de ordem Bastos
Outra parte do nome não tomada para palavra de ordem Ana Falcão
Código de função Tradutor
700 #1 - Nome de autor-pessoa física (responsabilidade principal)
Número de registo de entrada de autoridade 0000171
Palavra de ordem Watterson
Outra parte do nome não tomada para palavra de ordem Bill
942 ## - Elementos de entrada adicionados (Koha)
Tipo de item no Koha Livro
Exemplares
Situação do levantamento Origin of item (home branch) (coded) Biblioteca de empréstimo Código de barras Cota Circulation type (not for loan) Tipo de documento Nota do exemplar Damaged status
  Biblioteca Escolar das Vendas Biblioteca Escolar das Vendas BEV558 8BD WAT   Livro Sem mensagem